Chinese History and Literature : Collection of Studies /

Bibliographic Details
Main Author: Průšek, Jaroslav
Corporate Author: SpringerLink (Online service)
Format: eBook
Language:English
Published: Dordrecht : Springer Netherlands, 1970.
Subjects:
Online Access:Connect to the full text of this electronic book

MARC

Tag First Indicator Second Indicator Subfields
LEADER 00000cam a2200000Mi 4500
001 in00003580813
006 m o d
007 cr mnu---uuaaa
008 121227s1970 ne o 000 0 eng
005 20260422222714.9
020 |a 9789401033350 (electronic bk.) 
020 |a 9401033358 (electronic bk.) 
020 |z 9789401033374 
020 |z 9401033374 
020 |z 9401033358 
035 |a (OCoLC)851368245 
040 |a AU@  |b eng  |c AU@  |d GW5XE  |d OCLCF  |d UtOrBLW 
049 |a TXAM 
050 4 |a PL1001-1960 
072 7 |a 2GDC  |2 bicssc 
072 7 |a CB  |2 bicssc 
072 7 |a FOR003000  |2 bisacsh 
082 0 4 |a 495.1  |2 23 
100 1 |a Průšek, Jaroslav. 
245 1 0 |a Chinese History and Literature :  |b Collection of Studies /  |c by Jaroslav Průšek. 
264 1 |a Dordrecht :  |b Springer Netherlands,  |c 1970. 
300 |a 1 online resource (587 pages) 
336 |a text  |b txt  |2 rdacontent 
337 |a computer  |b c  |2 rdamedia 
338 |a online resource  |b cr  |2 rdacarrier 
500 |a Electronic resource. 
650 0 |a Linguistics. 
650 0 |a Chinese language. 
650 0 |a History. 
650 7 |a Chinese language.  |2 fast  |0 (OCoLC)fst00857383 
650 7 |a Linguistics.  |2 fast  |0 (OCoLC)fst00999202 
655 7 |a Electronic books.  |2 local 
655 7 |a History.  |2 fast  |0 (OCoLC)fst01411628 
710 2 |a SpringerLink (Online service) 
776 1 8 |i Print version:  |z 9789401033374 
856 4 0 |u http://proxy.library.tamu.edu/login?url=https://link.springer.com/10.1007/978-94-010-3335-0  |z Connect to the full text of this electronic book  |t 0 
994 |a 92  |b TXA 
999 |a MARS 
999 f f |s 6dab1f27-06f4-33fc-8544-ca5e9fe1a278  |i e7d60d81-b4bf-35f9-aa64-2c4206a2f0a8  |t 0 
952 f f |a Texas A&M University  |b College Station  |c Electronic Resources  |s www_evans  |d Available Online  |t 0  |e PL1001-1960  |h Library of Congress classification 
998 f f |a PL1001-1960  |t 0  |l Available Online